000 00959nam a2200301Ia 4500
003 PE SENCICO BE
005 20251020182433.0
008 200515s9999 xx 000 0 und d
020 _a978-3-8365-7244-6
040 _aPE SENCICO BE
_cPE SENCICO BE
041 _aspa
_aita
_apor
082 _a720.92
_bJ65
100 1 _aJodidio, Philip
_9373
_eautor
245 1 0 _aZaha Hadid :
_bZaha Hadid architects complete works 1979-today /
_cPhilip Jodidio
250 _a[1a ed.]
260 _a Koln :
_bTaschen,
_c2021
300 _a671 p. :
_bilustraciones a color, láminas ;
_c29 cm.
504 _aBibliografía: p. 671.
650 1 0 _aArquitectos
_9282
650 2 0 _aArquitectura moderna
_9191
650 2 0 _aDiseño arquitectónico
_918
650 2 0 _aArquitectura urbana
_9570
650 2 0 _aArquitectura estética
_91424
650 2 0 _aDetalles arquitectónicos
_9897
650 2 0 _aArquitectura occidental
_91450
942 _cLIB
_2ddc
999 _c293
_d293